Ecosistemas y culturas: (Registro nro. 9087)

Detalles MARC
000 -CABECERA
Campo de control 01078nam a22003017a 4500
005 - FECHA Y HORA DE LA ULTIMA TRANSACCION
Campo de control 20180803165632.0
008 - ELEMENTOS DE LONGITUD FIJA—INFORMACION GENERAL
Campo de control 091013s2009 ck abd r 001 0 spa d
020 ## - ISBN
ISBN 9789587142730
040 ## - FUENTE DE CATALOGACIÓN
Agencia catalogadora original CO-BoPUJ
Agencia transcriptora CO-BoIAVH
041 0# - IDIOMA
Código de idioma para texto/pista de sonido o título separado Español
044 ## - PAÍS DE PUBLICACIÓN
País de publicación Colombia
082 04 - NUMERO DE CLASIFICACION DECIMAL DEWEY
Número de clasificación 574.5
Número del ítem R82e
245 00 - MENCION DE TITULO
Título Ecosistemas y culturas:
Mención de responsabilidad prólogo María Clara Van der Hammen; editores Javier Rosique y Sandra Turbay Ceballos.
250 ## - MENCION DE EDICION
Mención de edición 1a ed.
260 ## - PUBLICACION, DISTRIBUCION, ETC. (PIE DE IMPRENTA)
Lugar de publicación, distribución, etc. Medellín:
Nombre del editor, distribuidor, etc. Centro de Investigaciones Sociales y Humanas;
Fecha de publicación, distribución, etc. 2009.
300 ## - DESCRIPCION FISICA
Extensión 240 p.
Otros detalles físicos ilustraciones, cuadros y mapas
Dimensiones 24 cm.
504 ## - NOTA DE BIBLIOGRAFIA, ETC.
Nota de bibliografía Incluye referencias bibliográficas.
650 14 - ASIENTO SECUNDARIO DE MATERIA - TERMINO TEMATICO
Término temático o nombre geográfico como elemento de entrada Ecología
650 24 - ASIENTO SECUNDARIO DE MATERIA - TERMINO TEMATICO
Término temático o nombre geográfico como elemento de entrada Medio ambiente y sociedad
650 14 - ASIENTO SECUNDARIO DE MATERIA - TERMINO TEMATICO
Término temático o nombre geográfico como elemento de entrada Medio ambiente y cultura
650 24 - ASIENTO SECUNDARIO DE MATERIA - TERMINO TEMATICO
Término temático o nombre geográfico como elemento de entrada Diversidad biológica
650 24 - ASIENTO SECUNDARIO DE MATERIA - TERMINO TEMATICO
Término temático o nombre geográfico como elemento de entrada Antropología cultural
650 24 - ASIENTO SECUNDARIO DE MATERIA - TERMINO TEMATICO
Término temático o nombre geográfico como elemento de entrada Investigación social
700 1# - ASIENTO SECUNDARIO - NOMBRE PERSONAL
Nombre personal Hammen, María Clara van der
Término de relación Prólogo
700 1# - ASIENTO SECUNDARIO - NOMBRE PERSONAL
Nombre personal Rosique, Javier
Término de relación editor
700 1# - ASIENTO SECUNDARIO - NOMBRE PERSONAL
Nombre personal Turbay Ceballos, Sandra
Término de relación editora
942 ## - ELEMENTOS ADICIONALES (KOHA)
Sistema de clasificación Dewey Decimal Classification
Tipo de ítem Libro
Koha issues (borrowed), all copies 3
Existencias
Withdrawn status Lost status Sistema de Clasificación Damaged status No para préstamo Colección Inventariado Ubicación Permanente Ubicación actual Fecha de adquisición Fuente de Valor Valor Total Checkouts Número topográfico Inventario / Código de Barras Date last seen Date checked out Ejemplar Price effective from Forma de adquisición Tipo de material
    Dewey Decimal Classification     General Inventariado 2017 Bogotá Bogotá 06/03/2015 Instituto 39000.00 3 LB-574.5 R82e 038826 30/06/2016 30/06/2016 Ej. 1 06/03/2015   Libro
    Dewey Decimal Classification     General Inventariado 2017 Sala Fabio Quevedo Sala Fabio Quevedo 22/06/2016 Instituto 39000.00   LB-574.5 R82e 040480 22/06/2016   Ej. 2 22/06/2016 Donación Libro